[Event "SVK-ch U12"]
[Site "Tatralandia"]
[Date "2024.04.10"]
[Round "7"]
[White "Livnansky, Tomas"]
[Black "Prochazka, Michal"]
[Result "1/2-1/2"]
[WhiteElo "1762"]
[BlackElo "1855"]
[PlyCount "85"]
[EventDate "2024.04.05"]
[EventType "swiss"]
[EventRounds "9"]
[EventCountry "SVK"]
[SourceTitle "CB16_2024"]
[SourceDate "2024.04.17"]
[SourceVersion "1"]
[SourceVersionDate "2024.04.17"]
[SourceQuality "1"]

1. b3 e5 2. Bb2 Nc6 3. e3 Nf6 4. Bb5 d6 5. d4 exd4 6. Bxc6+ bxc6 7. Qxd4 d5 8. Nf3 Bd6 9. Nbd2 0-0 10. c4 Bb7 11. 0-0 Qd7 12. Qd3 Qe7 13. Rfe1 Ne4 14. Nxe4 dxe4 15. Qc3 f6 16. Nd2 Bb4 17. Qc2 Rfd8 18. Red1 Rd7 19. Nxe4 Rad8 20. Rxd7 Rxd7 21. Bc3 Bxc3 22. Nxc3 Qe5 23. Rd1 Qxc3 24. Qe2 Rxd1+ 25. Qxd1 Qe5 26. h3 Qd6 27. Qh5 g6 28. Qf3 Kg7 29. Qe4 Qe5 30. Qd3 Qd6 31. Qe4 Qd1+ 32. Kh2 Kf7 33. Qh4 Qh5 34. Qg3 Qe5 35. f4 Qe4 36. c5 Ba6 37. Qh4 h5 38. Qe1 Bc8 39. Qa5 Qe7 40. Qxa7 Bf5 41. Qb8 Kg7 42. a4 g5 43. a5 1/2-1/2

[Event "SVK-ch U12"]
[Site "Tatralandia"]
[Date "2024.04.05"]
[Round "1"]
[White "Livnansky, Tomas"]
[Black "Grajczki, Vince"]
[Result "1-0"]
[WhiteElo "1762"]
[BlackElo "1054"]
[PlyCount "51"]
[EventDate "2024.04.05"]
[EventType "swiss"]
[EventRounds "9"]
[EventCountry "SVK"]
[SourceTitle "CB16_2024"]
[SourceDate "2024.04.17"]
[SourceVersion "1"]
[SourceVersionDate "2024.04.17"]
[SourceQuality "1"]

1. e4 e5 2. Nf3 Nc6 3. d4 exd4 4. Nxd4 Nf6 5. Nc3 Be7 6. Be3 0-0 7. Bc4 Nxe4 8. Nxc6 bxc6 9. Nxe4 d5 10. Bd3 dxe4 11. Bxe4 Bb7 12. Qf3 Qd7 13. Rd1 Qe6 14. 0-0 Rab8 15. Rfe1 Qc8 16. Bf5 Qe8 17. Qh3 h6 18. Bxh6 g6 19. Qc3 f6 20. Bd7 Qf7 21. Be6 Qxe6 22. Rxe6 Rf7 23. Rxe7 Rh7 24. Qxf6 Rxe7 25. Qxe7 Re8 26. Qg7# 1-0

[Event "Bratislava exe op"]
[Site "Bratislava"]
[Date "2023.09.23"]
[Round "9"]
[White "Livnansky, Tomas"]
[Black "Kiraly, Lilla Virag"]
[Result "0-1"]
[WhiteElo "1418"]
[BlackElo "1832"]
[PlyCount "72"]
[EventDate "2023.09.15"]
[EventType "swiss"]
[EventRounds "9"]
[EventCountry "SVK"]
[SourceTitle "EXT 2024"]
[Source "ChessBase"]
[SourceDate "2023.10.10"]
[SourceVersion "1"]
[SourceVersionDate "2023.10.10"]
[SourceQuality "1"]

1. Nf3 Nf6 2. d4 d5 3. Bf4 c5 4. e3 Nc6 5. c3 Qb6 6. Qb3 c4 7. Qxb6 axb6 8. Nbd2 b5 9. a3 b4 10. cxb4 Nxb4 11. Rc1 Nc6 12. h3 Bf5 13. g4 Bg6 14. Bg2 e6 15. Nh4 Be7 16. 0-0 Bd3 17. Rfe1 Nxg4 18. hxg4 Bxh4 19. Rc3 Be7 20. e4 Nxd4 21. Bf1 dxe4 22. Bxd3 cxd3 23. Rxe4 Ne2+ 24. Rxe2 dxe2 25. Re3 0-0 26. Rxe2 Ra4 27. Bg3 Rxg4 28. Nf3 h5 29. Nh2 Rg6 30. Kf1 Rc8 31. Rd2 Bf6 32. Nf3 Rg4 33. Rd7 Rc1+ 34. Ke2 Rc2+ 35. Rd2 Rxd2+ 36. Nxd2 Bxb2 0-1

[Event "Bratislava exe op"]
[Site "Bratislava"]
[Date "2023.09.21"]
[Round "7"]
[White "Kucera, Michal"]
[Black "Livnansky, Tomas"]
[Result "1/2-1/2"]
[WhiteElo "1829"]
[BlackElo "1418"]
[PlyCount "82"]
[EventDate "2023.09.15"]
[EventType "swiss"]
[EventRounds "9"]
[EventCountry "SVK"]
[SourceTitle "EXT 2024"]
[Source "ChessBase"]
[SourceDate "2023.10.10"]
[SourceVersion "1"]
[SourceVersionDate "2023.10.10"]
[SourceQuality "1"]

1. e4 e6 2. d4 d5 3. Nc3 Bb4 4. e5 Ne7 5. a3 Ba5 6. f4 c5 7. Nf3 Nbc6 8. Bd2 Bb6 9. dxc5 Bxc5 10. Na4 Bb6 11. Bd3 Bd7 12. Nxb6 Qxb6 13. Rb1 Rc8 14. Be3 Qa5+ 15. Qd2 Qxd2+ 16. Kxd2 Ng6 17. Bd4 Nxd4 18. Nxd4 Ke7 19. g3 h6 20. h4 h5 21. Bxg6 fxg6 22. Rhe1 Rc4 23. c3 Rhc8 24. Rec1 b5 25. Rg1 Rg8 26. Rbc1 a6 27. b3 Rcc8 28. Rc2 Rc7 29. Rb1 Rgc8 30. Re1 a5 31. Rec1 Rb7 32. b4 a4 33. Rg1 Rg8 34. Kd3 Rc7 35. Rh2 Rgc8 36. Rc2 Rg8 37. g4 Kf7 38. gxh5 gxh5 39. Rg5 g6 40. Rcg2 Rcc8 41. R5g3 Rc7 1/2-1/2

[Event "Bratislava exe op"]
[Site "Bratislava"]
[Date "2023.09.20"]
[Round "6"]
[White "Mendelova, Adela"]
[Black "Livnansky, Tomas"]
[Result "0-1"]
[WhiteElo "1367"]
[BlackElo "1418"]
[PlyCount "104"]
[EventDate "2023.09.15"]
[EventType "swiss"]
[EventRounds "9"]
[EventCountry "SVK"]
[SourceTitle "EXT 2024"]
[Source "ChessBase"]
[SourceDate "2023.10.10"]
[SourceVersion "1"]
[SourceVersionDate "2023.10.10"]
[SourceQuality "1"]

1. Nf3 Nf6 2. g3 g6 3. Bg2 Bg7 4. d4 0-0 5. 0-0 d5 6. c4 e6 7. Nc3 b6 8. cxd5 Nxd5 9. Ne5 Bb7 10. Nf3 Nd7 11. Re1 Rc8 12. Nxd5 Bxd5 13. e4 Nf6 14. Bg5 Bb7 15. e5 c5 16. Bxf6 Bxf6 17. exf6 Qxf6 18. Ne5 Bxg2 19. Kxg2 Rfd8 20. Qf3 Qxf3+ 21. Nxf3 cxd4 22. Red1 Rc2 23. Rxd4 Rxd4 24. Nxd4 Rxb2 25. a4 a5 26. Ra3 Kf8 27. Kf3 Ke7 28. Nb5 Rc2 29. Rc3 Ra2 30. Rc7+ Kf8 31. Rc4 Ke7 32. Rc7+ Kf8 33. Rc4 Ke7 34. Nc3 Ra3 35. Ke3 Rb3 36. Kd3 Rb2 37. Rf4 e5 38. Rf3 f5 39. Nd5+ Kd6 40. Kc4 Rc2+ 41. Nc3 e4 42. Kb3 Rd2 43. Rf4 Ke5 44. Rh4 h5 45. h3 Kf6 46. Nxe4+ fxe4 47. Rxe4 Rxf2 48. Re3 g5 49. Rd3 Ke5 50. Rc3 Kd5 51. Rd3+ Ke4 52. Kc4 Rc2+ 0-1

[Event "Bratislava exe op"]
[Site "Bratislava"]
[Date "2023.09.17"]
[Round "3"]
[White "Livnansky, Tomas"]
[Black "Privara, Igor"]
[Result "0-1"]
[WhiteElo "1418"]
[BlackElo "2110"]
[PlyCount "96"]
[EventDate "2023.09.15"]
[EventType "swiss"]
[EventRounds "9"]
[EventCountry "SVK"]
[SourceTitle "EXT 2024"]
[Source "ChessBase"]
[SourceDate "2023.10.10"]
[SourceVersion "1"]
[SourceVersionDate "2023.10.10"]
[SourceQuality "1"]

1. Nf3 d5 2. d4 Nf6 3. Bf4 c5 4. e3 Nc6 5. c3 Qb6 6. Qb3 c4 7. Qxb6 axb6 8. Nbd2 Bf5 9. Nh4 Bd7 10. Be2 b5 11. a3 h6 12. Bg3 e6 13. 0-0 Ne4 14. Nhf3 Nxg3 15. hxg3 f5 16. Nh2 Bd6 17. f4 g5 18. Ndf3 0-0-0 19. Kh1 Rdg8 20. Rg1 Be7 21. Raf1 g4 22. Nh4 Nd8 23. Rb1 Nf7 24. Ra1 Nd6 25. Rge1 Ne4 26. Nf1 Nxg3+ 27. Nxg3 Bxh4 28. Kh2 h5 29. Rh1 Be7 30. Kg1 h4 31. Nf1 Kc7 32. Nd2 Ra8 33. Rc1 Rh7 34. Kf2 Rah8 35. Rcg1 h3 36. g3 Ra8 37. Rc1 Rhh8 38. Ra1 Ra7 39. Rhc1 Rha8 40. Kg1 b4 41. cxb4 Bxb4 42. Nxc4 dxc4 43. Rxc4+ Bc6 44. Rac1 Bd2 45. R1c2 Bxe3+ 46. Kh2 Rd8 47. b4 Kb6 48. b5 Bd5 0-1

[Event "Bratislava exe op"]
[Site "Bratislava"]
[Date "2023.09.15"]
[Round "1"]
[White "Livnansky, Tomas"]
[Black "Miasik, Adrian"]
[Result "0-1"]
[WhiteElo "1418"]
[BlackElo "2056"]
[PlyCount "40"]
[EventDate "2023.09.15"]
[EventType "swiss"]
[EventRounds "9"]
[EventCountry "SVK"]
[SourceTitle "EXT 2024"]
[Source "ChessBase"]
[SourceDate "2023.10.10"]
[SourceVersion "1"]
[SourceVersionDate "2023.10.10"]
[SourceQuality "1"]

1. d4 d6 2. e4 Nf6 3. Nc3 Nbd7 4. Bd3 e5 5. Nf3 exd4 6. Nxd4 g6 7. Bg5 Bg7 8. f4 0-0 9. Nf3 Re8 10. 0-0 c6 11. Re1 Qb6+ 12. Kh1 Ng4 13. Rf1 Ne3 14. Qe2 Nxf1 15. Rxf1 Nc5 16. Nd2 d5 17. e5 Nxd3 18. Qxd3 Bf5 19. Qe2 Qxb2 20. Ndb1 Qxc2 0-1

[Event "Piestany op-B"]
[Site "Piestany"]
[Date "2023.07.17"]
[Round "7"]
[White "Osvald, Jakub"]
[Black "Livnansky, Tomas"]
[Result "0-1"]
[WhiteElo "1187"]
[BlackElo "1477"]
[PlyCount "70"]
[EventDate "2023.07.11"]
[EventType "swiss"]
[EventRounds "9"]
[EventCountry "SVK"]
[SourceTitle "EXT 2024"]
[Source "ChessBase"]
[SourceDate "2023.10.10"]
[SourceVersion "1"]
[SourceVersionDate "2023.10.10"]
[SourceQuality "1"]

1. d4 Nf6 2. c4 g6 3. Nc3 d5 4. cxd5 Nxd5 5. e4 Nxc3 6. bxc3 Bg7 7. Nf3 c5 8. Be3 0-0 9. Be2 b6 10. 0-0 Bb7 11. Qc2 Nd7 12. Rfd1 e6 13. dxc5 Rc8 14. Bb5 Bc6 15. Qa4 Nxc5 16. Bxc5 Bxb5 17. Rxd8 Bxa4 18. Bxf8 Rxd8 19. Bxg7 Kxg7 20. Kf1 Bb5+ 21. Ke1 Bc6 22. e5 Rd3 23. Rc1 Bxf3 24. gxf3 Rxf3 25. c4 Rf5 26. Rc2 Rxe5+ 27. Re2 Kf6 28. Kd2 Rxe2+ 29. Kxe2 Ke5 30. Kd3 Kd6 31. Kd4 e5+ 32. Ke4 f5+ 33. Kd3 Kc5 34. f4 e4+ 35. Kc3 a6 0-1

[Event "Piestany op-B"]
[Site "Piestany"]
[Date "2023.07.11"]
[Round "1"]
[White "Fizerova, Lucie"]
[Black "Livnansky, Tomas"]
[Result "1-0"]
[WhiteElo "1868"]
[BlackElo "1477"]
[PlyCount "103"]
[EventDate "2023.07.11"]
[EventType "swiss"]
[EventRounds "9"]
[EventCountry "SVK"]
[SourceTitle "EXT 2024"]
[Source "ChessBase"]
[SourceDate "2023.10.10"]
[SourceVersion "1"]
[SourceVersionDate "2023.10.10"]
[SourceQuality "1"]

1. Nf3 Nf6 2. g3 d5 3. Bg2 Nbd7 4. d3 e5 5. 0-0 Bd6 6. Nbd2 0-0 7. e4 dxe4 8. dxe4 b6 9. Nh4 Ba6 10. Re1 g6 11. Nf1 Re8 12. Bh6 Bb7 13. Qe2 Nc5 14. Nd2 Qd7 15. Rad1 Ng4 16. Bh3 f5 17. Bxg4 fxg4 18. Ng2 Qe6 19. Ne3 Nxe4 20. Nxg4 Nf6 21. Nxf6+ Qxf6 22. Qc4+ Qe6 23. Qxe6+ Rxe6 24. Ne4 Bxe4 25. Rxe4 Rae8 26. Rde1 Kf7 27. Bd2 Bc5 28. Bc3 Bd4 29. Bxd4 exd4 30. Rf4+ Kg7 31. Rxe6 Rxe6 32. Rxd4 Re7 33. Kg2 a5 34. Kf3 Kf7 35. h4 h5 36. Re4 Rd7 37. Ke3 c5 38. f3 Rd1 39. Kf4 Rd2 40. Rc4 Kf6 41. a3 Re2 42. Rc3 Re5 43. g4 g5+ 44. hxg5+ Rxg5 45. Rb3 Rd5 46. Rxb6+ Kf7 47. gxh5 Rxh5 48. Rb5 a4 49. Kg4 Rd5 50. f4 Rd1 51. Rxc5 Rb1 52. Rb5 1-0

[Event "SVK-ch Amateurs"]
[Site "Liptovsky Jan"]
[Date "2023.06.17"]
[Round "6"]
[White "Livnansky, Tomas"]
[Black "Passer, Lukas"]
[Result "0-1"]
[WhiteElo "1465"]
[BlackElo "1780"]
[PlyCount "101"]
[EventDate "2023.06.15"]
[EventType "swiss"]
[EventRounds "8"]
[EventCountry "SVK"]
[SourceTitle "CBM 214 Extra"]
[Source "ChessBase"]
[SourceDate "2023.07.31"]
[SourceVersion "1"]
[SourceVersionDate "2023.07.31"]
[SourceQuality "1"]

1. e4 e6 2. d4 d5 3. exd5 exd5 4. Bd3 Bd6 5. Nf3 Nf6 6. 0-0 0-0 7. Bg5 Bg4 8. Nbd2 c5 9. h3 Bh5 10. dxc5 Bxc5 11. c3 Bb6 12. Qb3 Nbd7 13. Qc2 Qc7 14. Rfe1 Rfe8 15. Bh4 Qd6 16. Kh1 Bc7 17. Bg3 Qb6 18. Bxc7 Qxc7 19. Nd4 Qf4 20. N2f3 a6 21. Qd2 Qxd2 22. Nxd2 Nc5 23. Bc2 Bg6 24. Bxg6 hxg6 25. Kg1 Na4 26. Rxe8+ Rxe8 27. Rb1 b5 28. Kf1 Kf8 29. Nc6 Nd7 30. Nb3 Ndb6 31. Nd2 Nc4 32. Nxc4 dxc4 33. Nb4 Re6 34. Nc2 Ke7 35. a3 Kd6 36. Nd4 Re8 37. Nc2 Kc5 38. Nb4 a5 39. Nc2 g5 40. f3 Rd8 41. Ke2 Rd3 42. Ne1 Rxc3 43. Kd2 Rb3 44. Kc2 Kd4 45. Rd1+ Ke3 46. Rd5 Rxb2+ 47. Kc1 Rb1+ 48. Kc2 Rxe1 49. Rxb5 Re2+ 50. Kc1 Kd3 51. Rxa5 0-1

[Event "SVK-ch U10"]
[Site "Dudince"]
[Date "2023.04.19"]
[Round "5"]
[White "Zilincan, Tomas"]
[Black "Livnansky, Tomas"]
[Result "1/2-1/2"]
[WhiteElo "1389"]
[BlackElo "1409"]
[PlyCount "136"]
[EventDate "2023.04.16"]
[EventType "swiss"]
[EventRounds "9"]
[EventCountry "SVK"]
[SourceTitle "CBM 213 Extra"]
[Source "ChessBase"]
[SourceDate "2023.05.31"]
[SourceVersion "1"]
[SourceVersionDate "2023.05.31"]
[SourceQuality "1"]

1. Nf3 d5 2. g3 Nf6 3. Bg2 Bf5 4. d4 e6 5. 0-0 c5 6. c4 Nc6 7. cxd5 Nxd5 8. Re1 Nf6 9. Be3 Qb6 10. Qd2 Ne4 11. dxc5 Nxd2 12. cxb6 Nxb1 13. Nh4 Bb4 14. Rd1 Nc3 15. bxc3 Bxc3 16. Rdc1 Ba5 17. Nxf5 exf5 18. Rd1 Ke7 19. Bxc6 bxc6 20. bxa7 Rhd8 21. Rac1 Rxd1+ 22. Rxd1 h6 23. Rc1 f6 24. Rxc6 Bc7 25. Rc1 Kd6 26. Kg2 Kd7 27. h4 Kd6 28. h5 Kd7 29. Rb1 Kc6 30. Kf3 Be5 31. g4 f4 32. Bxf4 Bxf4 33. Kxf4 Rxa7 34. Rb2 Ra5 35. e4 Kc7 36. Re2 Kd6 37. f3 Ke6 38. Rb2 Kf7 39. Ke3 Ra3+ 40. Kd4 Rxf3 41. Rb3 Rf1 42. Rg3 Rd1+ 43. Kc5 Ke6 44. a4 Kd7 45. Rb3 Kc7 46. Rf3 Rc1+ 47. Kd5 Kd7 48. Rb3 Rd1+ 49. Kc4 Kc7 50. Rf3 Re1 51. Kd3 Ra1 52. Ke3 Rxa4 53. Kf4 Ra5 54. Re3 Kd6 55. Rb3 Rg5 56. Rd3+ Ke7 57. Rd5 Ke6 58. Rf5 Rxf5+ 59. exf5+ Kd5 60. Kf3 Kd6 61. Kf2 Kc6 62. Ke2 Kd6 63. Kd2 Kc6 64. Kc2 Kd5 65. Kd3 Kc5 66. Kc3 Kd5 67. Kd3 Ke5 68. Ke3 Kd5 1/2-1/2

[Event "SVK-ch U10"]
[Site "Dudince"]
[Date "2023.04.16"]
[Round "1"]
[White "Livnansky, Tomas"]
[Black "Kluska, David"]
[Result "0-1"]
[WhiteElo "1409"]
[BlackElo "1156"]
[PlyCount "108"]
[EventDate "2023.04.16"]
[EventType "swiss"]
[EventRounds "9"]
[EventCountry "SVK"]
[SourceTitle "CBM 213 Extra"]
[Source "ChessBase"]
[SourceDate "2023.05.31"]
[SourceVersion "1"]
[SourceVersionDate "2023.05.31"]
[SourceQuality "1"]

1. d4 d5 2. Nf3 c6 3. e3 Bf5 4. Bd3 Bxd3 5. Qxd3 Nf6 6. 0-0 e6 7. Nbd2 Bd6 8. c3 Nbd7 9. Re1 0-0 10. e4 dxe4 11. Nxe4 Nxe4 12. Qxe4 Nf6 13. Qc2 h6 14. Be3 Qc7 15. Re2 Rfe8 16. Rae1 Re7 17. Qd2 Ng4 18. h3 Nxe3 19. Qxe3 Rae8 20. Ne5 c5 21. Rd1 Rd8 22. Red2 b6 23. g3 c4 24. b3 cxb3 25. axb3 Bxe5 26. dxe5 Red7 27. f4 Rxd2 28. Rxd2 Rxd2 29. Qxd2 Qc5+ 30. Kg2 Qc6+ 31. Kh2 Qb5 32. b4 Qc4 33. h4 a5 34. Qd8+ Kh7 35. Qxb6 Qe2+ 36. Kg1 Qe1+ 37. Kg2 Qe4+ 38. Kf2 Qc2+ 39. Kg1 Qd1+ 40. Kg2 Qd5+ 41. Kh2 a4 42. Qa6 Qb3 43. b5 a3 44. b6 a2 45. b7 Qb2+ 46. Kh3 a1Q 47. b8Q Qh1+ 48. Kg4 Qxb8 49. Qd3+ g6 50. f5 Qxe5 51. fxg6+ fxg6 52. Qd7+ Qg7 53. Qxe6 h5+ 54. Kg5 Qc1+ 0-1

[Event "Gyor Amateur op 22nd"]
[Site "Gyor"]
[Date "2023.03.04"]
[Round "3"]
[White "Livnansky, Tomas"]
[Black "Kulhanek, Jozsef"]
[Result "1/2-1/2"]
[WhiteElo "1357"]
[BlackElo "1461"]
[PlyCount "48"]
[EventDate "2023.03.04"]
[EventType "swiss"]
[EventRounds "7"]
[EventCountry "HUN"]
[SourceTitle "EXT 2024"]
[Source "ChessBase"]
[SourceDate "2023.10.10"]
[SourceVersion "1"]
[SourceVersionDate "2023.10.10"]
[SourceQuality "1"]

1. b3 d5 2. Bb2 c6 3. e3 Bf5 4. Nf3 Nd7 5. d3 Ngf6 6. Nbd2 Qc7 7. Be2 e5 8. c4 Be7 9. cxd5 cxd5 10. Rc1 Qb8 11. 0-0 0-0 12. Rc2 Rc8 13. Rxc8+ Qxc8 14. Nxe5 Nc5 15. Ndf3 a5 16. Qd2 Ng4 17. Nxg4 Bxg4 18. Rc1 Qd8 19. Qc3 Bf6 20. Qc2 Bxb2 21. Qxb2 b6 22. h3 Bf5 23. d4 Ne4 24. Bd3 Rc8 1/2-1/2

[Event "SVK-ch U08"]
[Site "Stara Lubovna"]
[Date "2021.06.30"]
[Round "6"]
[White "Livnansky, Tomas"]
[Black "Kluska, David"]
[Result "1-0"]
[WhiteElo "1347"]
[BlackElo "1086"]
[PlyCount "71"]
[EventDate "2021.06.26"]
[EventType "swiss"]
[EventRounds "9"]
[EventCountry "SVK"]
[SourceTitle "CBM 203 Extra"]
[Source "ChessBase"]
[SourceDate "2021.09.30"]
[SourceVersion "1"]
[SourceVersionDate "2021.09.30"]
[SourceQuality "1"]

1. d4 d5 2. c4 c6 3. Nf3 Nf6 4. Nc3 e6 5. Bg5 Nbd7 6. e3 Bb4 7. Rc1 h6 8. Bh4 0-0 9. Bd3 Re8 10. Ne5 Qc7 11. Bg3 Ne4 12. Bxe4 dxe4 13. Nxf7 Qa5 14. a3 Be7 15. Ne5 Qb6 16. Nxd7 Bxd7 17. Qc2 Qa5 18. 0-0 Rf8 19. Nxe4 e5 20. Bxe5 Bf5 21. f3 Bg5 22. Qe2 Bxe4 23. fxe4 Rxf1+ 24. Rxf1 Be7 25. Qg4 Bf6 26. Bxf6 Qg5 27. Bxg5 hxg5 28. Qxg5 Rf8 29. Rxf8+ Kxf8 30. e5 b5 31. e6 Ke8 32. d5 cxd5 33. cxd5 b4 34. Qxg7 bxa3 35. Qf7+ Kd8 36. Qd7# 1-0

[Event "SVK-ch U08"]
[Site "Stara Lubovna"]
[Date "2021.06.28"]
[Round "3"]
[White "Muller, Tomas"]
[Black "Livnansky, Tomas"]
[Result "0-1"]
[WhiteElo "1116"]
[BlackElo "1347"]
[PlyCount "60"]
[EventDate "2021.06.26"]
[EventType "swiss"]
[EventRounds "9"]
[EventCountry "SVK"]
[SourceTitle "CBM 203 Extra"]
[Source "ChessBase"]
[SourceDate "2021.09.30"]
[SourceVersion "1"]
[SourceVersionDate "2021.09.30"]
[SourceQuality "1"]

1. e4 e6 2. b3 d5 3. Bb2 dxe4 4. Nc3 Nf6 5. Qe2 Bd6 6. 0-0-0 Nc6 7. d3 exd3 8. Qxd3 b6 9. g3 Bb7 10. Bg2 Qe7 11. Nge2 0-0-0 12. Qc4 Kb8 13. Bxc6 Bxc6 14. Qxc6 Ng4 15. Qf3 Qg5+ 16. Kb1 Rd7 17. Ne4 Qf5 18. Nf4 Rhd8 19. h3 Ne5 20. Qe3 Bc5 21. Qe2 Rxd1+ 22. Bc1 Rxh1 23. f3 Rdd1 24. Kb2 Rxc1 25. Qd2 Rb1+ 26. Kc3 Nc6 27. g4 Qe5+ 28. Kc4 Rhd1 29. Qe3 Bxe3 30. Nc3 Rd4# 0-1

[Event "SVK-ch U08"]
[Site "Lubovna"]
[Date "2020.08.21"]
[Round "8"]
[White "Livnansky, Tomas"]
[Black "Hnat, Samuel"]
[Result "1-0"]
[WhiteElo "1133"]
[BlackElo "1000"]
[PlyCount "33"]
[EventDate "2020.08.15"]
[EventType "tourn"]
[EventRounds "9"]
[EventCountry "SVK"]
[SourceTitle "EXT 2021"]
[Source "ChessBase"]
[SourceDate "2020.10.23"]
[SourceVersion "1"]
[SourceVersionDate "2020.10.23"]
[SourceQuality "1"]

1. e4 e6 2. d4 Bb4+ 3. Bd2 Bxd2+ 4. Qxd2 Nc6 5. Nc3 Nf6 6. 0-0-0 0-0 7. Nf3 Ne7 8. Bd3 Kh8 9. e5 Nfg8 10. h4 Ng6 11. h5 N6e7 12. h6 gxh6 13. Ng5 Ng6 14. Nxh7 Re8 15. Rxh6 Nxh6 16. Qxh6 Rg8 17. Nf6# 1-0

[Event "SVK-ch U08"]
[Site "Lubovna"]
[Date "2020.08.16"]
[Round "2"]
[White "Drunek, Tibor"]
[Black "Livnansky, Tomas"]
[Result "0-1"]
[WhiteElo "1000"]
[BlackElo "1133"]
[PlyCount "34"]
[EventDate "2020.08.15"]
[EventType "tourn"]
[EventRounds "9"]
[EventCountry "SVK"]
[SourceTitle "EXT 2021"]
[Source "ChessBase"]
[SourceDate "2020.10.23"]
[SourceVersion "1"]
[SourceVersionDate "2020.10.23"]
[SourceQuality "1"]

1. Nf3 d5 2. e3 c5 3. Be2 Nf6 4. Bd3 Nc6 5. 0-0 e5 6. Qe2 e4 7. Ne5 Nxe5 8. Nc3 exd3 9. Qxd3 Nxd3 10. cxd3 d4 11. exd4 cxd4 12. Nd5 Qxd5 13. Re1+ Be7 14. b3 b6 15. Bb2 Bb7 16. Rxe7+ Kxe7 17. Rc1 Qxg2# 0-1